Szöveggyűjtemény. Szerkeszti: K. Jakab Antal. Dsida Jenő
Elmentve itt :
| Szerző: | |
|---|---|
| Adatforrás: | Meister |
| Forrásdokumentuma: | Helikon. - 23 sz., 1993, 11 p. |
| Nyelv: | magyar |
| Kulcsszavak: | irodalomtörténet DSIDA Jenő |
| LEADER | 00381nab a2200133 i 4500 | ||
|---|---|---|---|
| 001 | bibPRO00009060 | ||
| 008 | 060524s1993 xx hun | ||
| 040 | |a Sz1 | ||
| 041 | |a hun | ||
| 100 | 1 | |a JAKAB K. Antal | |
| 245 | 1 | 0 | |a Szöveggyűjtemény. Szerkeszti: K. Jakab Antal. Dsida Jenő |c JAKAB K. Antal |
| 695 | |a irodalomtörténet | ||
| 695 | |a DSIDA Jenő | ||
| 773 | 0 | |t Helikon. - |g 23 sz., 1993, 11 p. | |